Space in the tropics (Record no. 230064)
[ view plain ]
| 000 -LEADER | |
|---|---|
| fixed length control field | 01458nam a22003494a 4500 |
| 082 04 - DEWEY DECIMAL CLASSIFICATION NUMBER | |
| Classification number | 304.2/8/09882 |
| 100 1# - MAIN ENTRY--AUTHOR NAME | |
| Personal name | Redfield, Peter, |
| 245 10 - TITLE STATEMENT | |
| Title | Space in the tropics |
| 260 ## - PUBLICATION, DISTRIBUTION, ETC. (IMPRINT) | |
| Place of publication | Berkeley : |
| Name of publisher | University of California Press, |
| Year of publication | c2000. |
| 300 ## - PHYSICAL DESCRIPTION | |
| Number of Pages | xvi, 245 p. : |
| Other physical details | ill., maps. |
| 650 #0 - SUBJECT ADDED ENTRY--TOPICAL TERM | |
| Topical Term | Human geography |
| Topical Term | Penal colonies |
| Topical Term | Human ecology. |
| Topical Term | Economic development |
| 856 40 - ELECTRONIC LOCATION AND ACCESS | |
| Uniform Resource Identifier | http://site.ebrary.com/lib/rucke/Doc?id=2001250 |
No items available.
